00859cam a22002293a 450000100060000000300060000600500170001200800410002904000150007004200070008505000070009210000210009924502190012026000290033950600300036851600200039865300450041865300620046365300330052583000290055885600420058717760PGUSA20140828083358.0060212s2006||||xxu|||||s|||||000 | eng d aPGUSAbeng adc 4aDC1 aHervé, Francis10aHow to Enjoy Paris in 1842 :bIntended to Serve as a Companion and Monitor, Containing Historical, Political, Commercial, Artistical, Theatrical And Statistical Informationh[electronic resource] /cFrancis Hervé bProject Gutenberg,c2006 aPublic domain in the USA. aElectronic text aParis (France) -- Description and travel aParis (France) -- Social life and customs -- 19th century aParis (France) -- Guidebooks 0aProject Gutenbergv1776040uhttp://www.gutenberg.org/ebooks/17760